جدليات الشورى والديموقراطية : (Record no. 13847)
[ view plain ]
| 000 -الفاتح | |
|---|---|
| حقل البيانات ثابتة الطول | 01022nam a22001937a 4500 |
| 008 - عناصر البيانات ثابتة الطول - معلومات عامة | |
| حقل البيانات ثابتة الطول | 100406s2007 le|||||r|||| 000 0 ara d |
| 020 ## - الرقم الدولى المعيارى للكتب | |
| الرقم الدولى المعيارى للكتاب | 9789953821160 |
| 082 ## - رقم تصنيف ديوى العشرى | |
| رقم الطبعة | 22 |
| رقم التصنيف | 297.272 |
| رقم المادة | م و ص |
| 100 ## - المدخل الرئيسى - إسم شخصى | |
| 9 (RLIN) | 13358 |
| الإسم الشخصى | الموصللي، أحمد |
| 245 ## - بيان العنوان | |
| العنوان | جدليات الشورى والديموقراطية : |
| بقية العنوان | /الديموقراطية وحقوق الإنسان فى الفكر الإسلامي |
| بيان المسئوليه,etc | أحمد الموصللي |
| 260 ## - PUBLICATION, DISTRIBUTION, ETC. (IMPRINT) | |
| مكان الناشر او الموزع | بيروت: |
| اسم الناشر او الموزع | 2007،مركز دراسات الوحدة العربية |
| تاريخ النشر أو التوزيع | 2007 |
| 300 ## - الوصف المادى | |
| التعداد | ؛ 199 ص |
| أبعاد الوعاء | 23 سم |
| 504 ## - تبصرة ببليوجرافية | |
| تبصرة ببليوجرافية,الخ | يشتمل على إرجاعات ببليوجرافية ص 177-199 |
| 650 ## - المدخل الاضافى بالموضوع-مصطلح موضوعى | |
| 9 (RLIN) | 13315 |
| مصطلح موضوعي أو اسم جغرافي كعنصر مدخل | الإسلام والديموقراطية |
| 650 ## - المدخل الاضافى بالموضوع-مصطلح موضوعى | |
| 9 (RLIN) | 13359 |
| مصطلح موضوعي أو اسم جغرافي كعنصر مدخل | الشورى |
| 650 ## - المدخل الاضافى بالموضوع-مصطلح موضوعى | |
| 9 (RLIN) | 13360 |
| مصطلح موضوعي أو اسم جغرافي كعنصر مدخل | (حقوق الإنسان (الإسلام |
| 942 ## - عناصر المدخل الإضافي( كوها) | |
| مصدر التصنيف او مخطط الترفيف | Dewey Decimal Classification |
| Koha [default] item type | Book - Borrowing |
| حالة التراجع | حالة الفقد | مصدر التصنيف او خطة الترفيف | حالة تلف | ليس للاعارة | مجموعات كوها | المكان الدائم | المكان الحالي | موقع الترفيف | تاريخ الاكتساب | سعر الشراء الطبيعي | تعداد مسلسل / التسلسل الزمني | رقم الاستدعاء | الباركود | Date last seen | مُعار | نوع الوعاء |
|---|---|---|---|---|---|---|---|---|---|---|---|---|---|---|---|---|
| Dewey Decimal Classification | مركز دراسات الوحدة العربية | Central Library | Central Library | Lower Floor | 06/04/2010 | 35.00 | 4 | 297.272 الم | 000020558 | 15/07/2025 | 28/11/2021 | Book - Borrowing |